Vroomaloom zoom / (Record no. 337237)
[ view plain ]
| 000 -LEADER | |
|---|---|
| fixed length control field | 00449nam a2200181Ia 4500 |
| 008 - FIXED-LENGTH DATA ELEMENTS--GENERAL INFORMATION | |
| fixed length control field | 170705s9999 xx 000 0 und d |
| 020 ## - INTERNATIONAL STANDARD BOOK NUMBER | |
| International Standard Book Number | 9780517800096 |
| 245 ## - TITLE STATEMENT | |
| Title | Vroomaloom zoom / |
| 245 ## - TITLE STATEMENT | |
| Statement of responsibility, etc | by John Coy ; illustrated by Joe Cepeda. |
| 250 ## - EDITION STATEMENT | |
| Edition statement | First edition. |
| 260 ## - PUBLICATION, DISTRIBUTION, ETC. (IMPRINT) | |
| Place of publication, distribution, etc | New York : |
| 260 ## - PUBLICATION, DISTRIBUTION, ETC. (IMPRINT) | |
| Name of publisher, distributor, etc | Crown Publishers, |
| 260 ## - PUBLICATION, DISTRIBUTION, ETC. (IMPRINT) | |
| Date of publication, distribution, etc | 2000 |
| 300 ## - PHYSICAL DESCRIPTION | |
| Extent | unpaged : |
| 300 ## - PHYSICAL DESCRIPTION | |
| Other physical details | color illustration ; |
| 300 ## - PHYSICAL DESCRIPTION | |
| Dimensions | 26cm. |
| 500 ## - GENERAL NOTE | |
| General note | 350 |
No items available.